Library Banner

Cardiovascular and pulmonary physical therapy : (Record no. 140022)

MARC details
000 -LEADER
fixed length control field 00511nam a22001697a 4500
005 - DATE AND TIME OF LATEST TRANSACTION
control field 20260305132839.0
008 - FIXED-LENGTH DATA ELEMENTS--GENERAL INFORMATION
fixed length control field 260305b |||||||| |||| 00| 0 eng d
020 ## - INTERNATIONAL STANDARD BOOK NUMBER
International Standard Book Number 9780323624718 (hbk)
040 ## - CATALOGING SOURCE
Transcribing agency PK-LaUMT
082 ## - DEWEY DECIMAL CLASSIFICATION NUMBER
Classification number 616.106
Item number FRO-C
100 ## - MAIN ENTRY--PERSONAL NAME
Personal name Frownfelter, Donna
245 ## - TITLE STATEMENT
Title Cardiovascular and pulmonary physical therapy :
Remainder of title evidence to practice /
Statement of responsibility, etc by Donna Frownfelter and Elizabeth Dean
250 ## - EDITION STATEMENT
Edition statement 6th ed.
260 ## - PUBLICATION, DISTRIBUTION, ETC. (IMPRINT)
Place of publication, distribution, etc Missouri :
Name of publisher, distributor, etc Elsevier,
Date of publication, distribution, etc 2023
300 ## - PHYSICAL DESCRIPTION
Extent 828 p.
942 ## - ADDED ENTRY ELEMENTS (KOHA)
Koha item type Books
Holdings
Withdrawn status Lost status Damaged status Home library Current library Date acquired Full call number Barcode Date last seen Price effective from Koha item type
      UMT Health Sciences Campus UMT Health Sciences Campus 2026-03-05 616.106 FRO-C 152174 2026-03-05 2026-03-05 Books